000
00285nam a22001337a 4500
008
180924b xxu||||| |||| 00| 0 eng d
020
_a
9780393935684
041
_a
eng
080
_a
941
100
_a
18
101
_a
HIS
245
_a
Voices of Freedom
_c
Foner, E
942
_2
udc
_c
BK
999
_c
48367
_d
48367